000 00408nam a2200121 a 4500
008 120416s1959 xx |||||||||||||| || u
050 _aTS 230 Kon
100 _aKondic, Voya
245 1 0 _aMetallurgical principles of founding
260 _c1959
350 _a0.00
995 _D0.00
_FCBU-MAIN LIBRARY (Kitwe)
_H1
_I2.75
_UDAMAGED
_ZMain Library Open Access Collection
999 _c51019
_d51019